000 00558nam a2200181Ia 4500
003 GCL
008 140319s9999 xx 000 0 ara d
040 _aGCL /
_cGCL
082 0 4 _a819.9
_bم م
100 1 _aمحمد محمود حمدان
245 1 0 _aمن رسائل العقاد /
_cمحمد محمود حمدان
300 _a447 ص
490 _aالهيئة العامة للاستعلامات
_v0
650 0 4 _aالادب العربى
650 0 4 _aالرسائل العربية
650 0 4 _aعباس محمود العقاد
942 _2ddc
_cBK
999 _c51903
_d51903